Catálogo

Evaluación neuropsicológica de los procesos atencionales / (Registro nro. 24829)

Detalles MARC
000 -LEADER
fixed length control field 01427nam a2200373 i 4500
001 - CONTROL NUMBER
control field 24829
003 - CONTROL NUMBER IDENTIFIER
control field Mx-PuUPA
005 - DATE AND TIME OF LATEST TRANSACTION
control field 20250626145405.0
008 - FIXED-LENGTH DATA ELEMENTS--GENERAL INFORMATION
fixed length control field 140415s2019 sp a gr 001 0 spa d
017 ## - COPYRIGHT OR LEGAL DEPOSIT NUMBER
Copyright or legal deposit number M-7.352-2019
020 ## - INTERNATIONAL STANDARD BOOK NUMBER
International Standard Book Number 9788491713364
040 ## - CATALOGING SOURCE
Transcribing agency Mx-PuUPA
Original cataloging agency Mx-PuUPA
Language of cataloging spa
Modifying agency Mx-PuUPA
Description conventions rda
041 0# - LANGUAGE CODE
Language code of text/sound track or separate title spa
100 1# - MAIN ENTRY--PERSONAL NAME
Personal name Onandia Hinchado, Ibán,
Relator term autor
9 (RLIN) 17198
245 10 - TITLE STATEMENT
Title Evaluación neuropsicológica de los procesos atencionales /
Statement of responsibility, etc. Iban Onandia Hinchado, Miriam Sánchez SanSegundo, Javier Oltra Cucarella
264 #1 - PRODUCTION, PUBLICATION, DISTRIBUTION, MANUFACTURE, AND COPYRIGHT NOTICE
Place of production, publication, distribution, manufacture Madrid, España :
Name of producer, publisher, distributor, manufacturer Editorial Síntesis,
Date of production, publication, distribution, manufacture, or copyright notice [2019?]
300 ## - PHYSICAL DESCRIPTION
Extent 202 páginas
Other physical details ilustraciones, tablas ;
Dimensions 22 cm
336 ## - CONTENT TYPE
Fuente rdacontent
Content type term texto
Content type code txt
337 ## - MEDIA TYPE
Source rdamedia
Media type term sin medio
Media type code n
338 ## - CARRIER TYPE
Source rdacarrier
Carrier type term volumen
Carrier type code nc
490 0# - SERIES STATEMENT
Series statement Colección Biblioteca de Neuropsicología
490 0# - SERIES STATEMENT
Series statement Guías prácticas de evaluación neuropsicológica ;
Volume/sequential designation 36
650 #7 - SUBJECT ADDED ENTRY--TOPICAL TERM
Topical term or geographic name entry element Neuropsicología clínica
Source of heading or term armarc
650 #7 - SUBJECT ADDED ENTRY--TOPICAL TERM
Source of heading or term armarc
Topical term or geographic name entry element Atención
General subdivision Evaluación
650 #7 - SUBJECT ADDED ENTRY--TOPICAL TERM
Source of heading or term armarc
Topical term or geographic name entry element Atención
General subdivision Pruebas
650 #7 - SUBJECT ADDED ENTRY--TOPICAL TERM
Topical term or geographic name entry element Cognición
Source of heading or term armarc
650 #7 - SUBJECT ADDED ENTRY--TOPICAL TERM
Source of heading or term armarc
Topical term or geographic name entry element Atención
General subdivision Trastornos
700 1# - ADDED ENTRY--PERSONAL NAME
Personal name Sánchez Sansegundo, Miriam,
Relator term autor
700 1# - ADDED ENTRY--PERSONAL NAME
Personal name Oltra Cucarella, Javier,
Relator term autor
942 ## - ADDED ENTRY ELEMENTS (KOHA)
Source of classification or shelving scheme Dewey Decimal Classification
Koha item type Libro
Classification part 616.8
Item part O58
Existencias
Withdrawn status Lost status Source of classification or shelving scheme Damaged status Not for loan Collection code Home library Current library Shelving location Date acquired Source of acquisition Cost, normal purchase price Total Checkouts Full call number Barcode Date last seen Copy number Cost, replacement price Price effective from Koha item type
    Dewey Decimal Classification     General Biblioteca Karol Wojtyla Biblioteca Karol Wojtyla Sala general 09/04/2025 25 1520.00   616.8 O58 2019 105975 05/01/2026 Ej.2 1520.00 09/04/2025 Libro
    Dewey Decimal Classification     General Biblioteca Karol Wojtyla Biblioteca Karol Wojtyla Sala general 09/04/2025 25 1520.00   616.8 O58 2019 105974 05/01/2026   1520.00 09/04/2025 Libro